000 00629nam a2200229 a 4500
999 _c586
_d586
001 586
003 BD-JhCC
005 20200224134007.0
008 171007s20082010ii a|||| || | 000 0 eng d
020 _a9780521152051
035 _a(BD-JhCC)586
040 _aBD-JhCC
_dBD-JhCC
041 _aeng
082 _222
_a428.24
_bPAL 2010
100 _aPalmer, Graham
245 _aReal Writing with amswers /
_cGraham Palmer
260 _aNew Delhi:
_bCambridge University Press India Pvt. Ltd.
_c2010
300 _a111 p.;
_bii
_c26cm.
650 _aEnglish Language- Composition & Exercises
942 _2ddc
_cBK
_02